Vplyv teploty na mechanické vlastnosti PLA polymérov

Salvato in:
Dettagli Bibliografici
Autore principale: Šebík, Andrej (Autore)
Altri autori: Pašák, Matej (Relatore della tesi)
Natura: Manoscritto Libro
Lingua:slovacco
Pubblicazione: 2023
Soggetti:
Accesso online:http://is.stuba.sk/zp/portal_zp.pl?podrobnosti=161995
Tags: Aggiungi Tag
Nessun Tag, puoi essere il primo ad aggiungerne!!

MARC

LEADER 00000ntm a22000003a 4500
001 stuzp93842
003 SK-STU
005 20230909220236.6
007 ta
008 150427s2015----xo-----f-mn---000-0-slo-d
040 |a STU  |b slo 
041 0 |a slo 
100 1 |a Šebík, Andrej  |u 061000  |4 aut  |U MTF Materiálovotechnologická fakulta  |T MTF Ústav materiálov  |X 110253  |U M1000  |Y 81  |7 110253 
242 0 1 |a Effect of temperature on the mechanical properties of PLA polymers  |y eng 
245 1 0 |a Vplyv teploty na mechanické vlastnosti PLA polymérov 
260 |c 2023 
650 4 |a Kyselina polymliečna  |2 slo 
650 4 |a 3D tlač  |2 slo 
650 4 |a pevnosť v ťahu  |2 slo 
650 4 |a Polylactic Acid  |2 eng 
650 4 |a 3D printing  |2 eng 
650 4 |a tensile strength  |2 eng 
700 1 |a Pašák, Matej  |u 061000  |k Z1  |4 ths  |U MTF Materiálovotechnologická fakulta  |T MTF Ústav materiálov  |X 34383  |U M1000  |Y 81  |7 A000034383 
856 4 |u http://is.stuba.sk/zp/portal_zp.pl?podrobnosti=161995 
996 |c M* BP-9681  |l MMSKP  |s P  |a 0  |w stuzp93842_0001